Política y economía en el pensamiento de John Locke

Saved in:
Bibliografiske detaljer
Hovedforfatter: Pezoa Bissiéres, Alvaro (Author)
Format: Bog
Sprog:spansk
Udgivet: Pamplona Ediciones Universidad de Navarra 1997
Udgivelse:1a. ed
Fag:
Tags: Tilføj Tag
Ingen Tags, Vær først til at tagge denne postø!

MARC

LEADER 00000cam a2200000 a 4500
001 UCD7379
003 CL-VaPUC
005 20241218161441.0
008 170317e19970000sp |||||||||||||||||spa|d
999 |c 367440  |d 367438 
020 |a 8431315407 
040 |c Pontificia Universidad Católica de Valparaíso 
082 0 4 |a 320.01  |b PEZ  |2 21 
100 0 |a Pezoa Bissiéres, Alvaro  |e author  |9 591396 
245 1 0 |a Política y economía en el pensamiento de John Locke 
250 |a 1a. ed 
260 |a Pamplona  |b Ediciones Universidad de Navarra  |c 1997 
300 |a 267 p 
583 |a last modification  |c 20170317 22:16:00  |k Rodrigo Vera 
600 0 |a Locke, John  |d 1632-1704  |9 860808 
650 7 |a FILOSOFIA POLITICA  |2 CL-VaPUC  |9 591397 
650 0 |a Filosofía moderna  |9 258121 
650 0 |a Economía y política  |9 402018 
942 |c BK  |2 ddc 
945 |d 20170317 22:16:00  |a arojas